00634nam a2200205Ia 450000500170000000800410001704100080005808200160006610000270008224500170010925000120012626000380013830000090017650000230018565000230020870000270023194200070025899900170026595201460028220230208174143.0230125s9999 xx 000 0 und d aeng a891.46bBHA aBhatanager R M9118378 aMorya Samrat a1st Ed. c2016bRiya Publicationsakolhapur a432p aMarathi Literature aMarathi Literature aBhatanager R M9118378 cDB c96422d96422 00104070aHIMRbHIMRd2019-03-01eSatya Gilanil1o891.46 BHA DB2911pHIMR-DB-2911r2025-10-09 16:36:52s2025-10-03w2023-01-25yDBzDB2911